000 00768nam a2200253 i 4500
001 000014276
003 DO-SdBNP
005 20260203093812.0
007 ta
008 091209s1997 dr 001 0 spa d
040 _aDO-SdBNP
_bspa
_cBNPHU
_erda
041 _aspa
082 _axxxx
_bR426r
_222
110 1 _aRepública Dominicana
_bCámara de Diputados
_932238
245 1 0 _aReglamento interior y reglamento para el régimen del personal subalterno de secretaría /.
264 _aSanto Domingo :
_bCámara de Diputados,
_c1938
300 _a44 Páginas ;
_c22 cm.
336 _ardacontent
_btexto
_2txt
337 _ardamedia
_bsin mediación
_2n
338 _ardacarrier
_bvolumen
_2nc
590 _aInventariado, 2026/DG
910 _aDG
942 _2ddc
_cLF2
999 _c60182
_d60182